Six keys to a happy marriage: (Record no. 5832)
[ view plain ]
| 000 -LEADER | |
|---|---|
| fixed length control field | 00806cam a2200277 a 4500 |
| 001 - CONTROL NUMBER | |
| control field | 3749182 |
| 003 - CONTROL NUMBER IDENTIFIER | |
| control field | GBCCL |
| 005 - DATE AND TIME OF LATEST TRANSACTION | |
| control field | 20241126110550.0 |
| 008 - FIXED-LENGTH DATA ELEMENTS--GENERAL INFORMATION | |
| fixed length control field | 830502r19791968ilu 000 0 eng d |
| 010 ## - | |
| -- | 72084420 |
| 020 ## - INTERNATIONAL STANDARD BOOK NUMBER | |
| International Standard Book Number | 0842358951 |
| 035 ## - SYSTEM CONTROL NUMBER | |
| System control number | (OCoLC)ocn685705440 |
| 035 ## - SYSTEM CONTROL NUMBER | |
| System control number | 3749182 |
| 040 ## - CATALOGING SOURCE | |
| Original cataloging agency | TBI |
| Transcribing agency | TBI |
| Modifying agency | YUS |
| 049 ## - | |
| -- | YUSS |
| 082 ## - DEWEY DECIMAL CLASSIFICATION NUMBER | |
| Classification number | 248.844 |
| Item number | LAH |
| 100 1# - MAIN ENTRY--PERSONAL NAME | |
| Personal name | LaHaye, Tim F. |
| 9 (RLIN) | 1025 |
| 245 10 - TITLE STATEMENT | |
| Title | Six keys to a happy marriage: |
| Remainder of title | A Tyndale Treasure / |
| Statement of responsibility, etc. | Tim LaHaye. |
| 260 ## - PUBLICATION, DISTRIBUTION, ETC. | |
| Place of publication, distribution, etc. | Illinois: |
| Name of publisher, distributor, etc. | Tyndale House Publishers, |
| Date of publication, distribution, etc. | 1968 |
| 300 ## - PHYSICAL DESCRIPTION | |
| Extent | 54 p. ; |
| Dimensions | 18 cm. |
| 503 ## - BIBLIOGRAPHIC HISTORY NOTE (BK CF MU) [OBSOLETE] | |
| Bibliographic history note | Adapted from "How to be happy though married" by Tim LaHaye. |
| 504 ## - BIBLIOGRAPHY, ETC. NOTE | |
| Bibliography, etc. note | Includes bibliographical references. |
| 650 #0 - SUBJECT ADDED ENTRY--TOPICAL TERM | |
| Topical term or geographic name entry element | Marriage |
| 9 (RLIN) | 2123 |
| 650 #0 - SUBJECT ADDED ENTRY--TOPICAL TERM | |
| Topical term or geographic name entry element | Husband and wife |
| 9 (RLIN) | 2125 |
| 942 ## - ADDED ENTRY ELEMENTS (KOHA) | |
| Source of classification or shelving scheme | Dewey Decimal Classification |
| Koha item type | Books |
| Koha issues (borrowed), all copies | 9 |
| Withdrawn status | Lost status | Source of classification or shelving scheme | Damaged status | Not for loan | Home library | Current Library | Shelving location | Date acquired | Total checkouts | Full call number | Barcode | Date last seen | Date last checked out | Copy number | Price effective from | Koha item type |
|---|---|---|---|---|---|---|---|---|---|---|---|---|---|---|---|---|
| Dewey Decimal Classification | GRACE BIBLE COLLEGE | GRACE BIBLE COLLEGE | Ministry & Mission | 2018-04-09 | 7 | 248.844 LAH | 002006 | 2025-05-01 | 2024-09-10 | c.1 | 2018-04-09 | Books | ||||
| Dewey Decimal Classification | GRACE BIBLE COLLEGE | GRACE BIBLE COLLEGE | Ministry & Mission | 2018-05-04 | 2 | 248.844 LAH | 002025 | 2025-05-01 | 2022-07-29 | c.2 | 2018-05-04 | Books |